000 00568nam a2200181 a 4500
001 000041206
005 20201002034715.0
008 130925s1987 dr 000 0 spa d
040 _aDO-SdBNP
_bspa
_cBNPHU
082 _a658.15
_bR696b
100 1 _aRodríguez, Danilo
_929850
245 1 0 _aBase para la administración financiera /
_cDanilo Rodríguez.
260 _aSanto Domingo :
_bDaro Magno,
_c1987.
300 _a219 p. ;
_c21 cm.
590 _aInventariado, 2018/ YL
650 4 _aAdministración financiera
_96342
910 _aValidado. Control de calidad EMS
999 _c40696
_d40696